000 00615nam a2200181Ia 4500
008 151202s9999||||xx |||||||||||||| ||und||
082 _bPNVM-38823
100 _aप्रफुल्लदत्त.
245 _aआळसावलेले क्षण.
260 _b"वसंत बुक स्टॅाल ,मुंबई."
260 _c1982
300 _a112
600 _aप्रफुल्लदत्त.
630 _aआळसावलेले क्षण.
700 _aप्रफुल्लदत्त.
730 _aआळसावलेले क्षण.
942 _cBOOK
999 _c1304775
_d1304772